Real estate investment analysis and taxation /

Bibliographic Details
Main Author: Wendt, Paul Francis, 1908-
Other Authors: Cerf, Alan R. (Alan Robert)
Format: Book
Language:English
Published: New York : McGraw-Hill, [1969]
Subjects:

MARC

Tag First Indicator Second Indicator Subfields
LEADER 00000cam a22000001 4500
001 in00000228821
005 20151009081834.0
008 710318s1969 nyua b 00010 eng d
010 |a  68030982  
035 |a (OCoLC)00232011 
035 |9 AAZ7260AM 
040 |a DLC  |c DLC  |d TXA  |d UtOrBLW 
043 |a n-us--- 
049 |a TXAM  |c 1 [1203076]  |c 2 [1203077]  |c 3 [1203078] 
050 0 0 |a HD1375  |b .W37 
082 0 |a 332.63/24/0973 
100 1 |a Wendt, Paul Francis,  |d 1908- 
245 1 0 |a Real estate investment analysis and taxation /  |c [by] Paul F. Wendt [and] Alan R. Cerf. 
264 1 |a New York :  |b McGraw-Hill,  |c [1969] 
264 4 |c [©1969] 
300 |a vi, 355 pages :  |b illustrations ;  |c 23 cm. 
336 |a text  |b txt  |2 rdacontent 
337 |a unmediated  |b n  |2 rdamedia 
338 |a volume  |b nc  |2 rdacarrier 
504 |a Bibliographical footnotes. 
650 0 |a Real estate investment  |z United States. 
650 0 |a Real property and taxation  |z United States. 
700 1 |a Cerf, Alan R.  |q (Alan Robert) 
999 |a MARS 
999 f f |s ec1d7b4e-81ba-32b3-b8d9-9acc24221964  |i dc904391-7fc7-34ad-af7a-5fd9010db0a1  |t 0 
952 f f |p normal  |a Texas A&M University  |b College Station  |c Sterling C. Evans Library  |d Evans: Library Stacks  |t 0  |e HD1375 .W37  |h Library of Congress classification  |i unmediated -- volume  |m A14802652054 
998 f f |a HD1375 .W37  |t 0  |l Evans: Library Stacks